Pay systems : principles and techniques

Bibliographic Details
Main Author: Beacham, R. H. S. [ (Robert Harold Sydney)] (Author)
Format: Book
Published: London : Heinemann , 19--
Subjects:

MARC

LEADER 00000cam a2200000 7i4500
001 0000008139
005 20160628093000.0
008 021119n
020 |a 0434901109 
050 0 0 |a HD4906   |b .B42 
090 0 0 |a HD4906   |b .B42 
100 0 |a Beacham, R. H. S. [  |q (Robert Harold Sydney)] ,   |e author 
245 0 0 |a Pay systems :   |b principles and techniques   |c R. H. S. Beacham 
260 2 |a London :   |b Heinemann ,   |c 19-- 
300 |a 120 p. ; ;   |c 21 cm. 
650 0 |a Payrolls 
650 0 |a Wage payment systems 
650 0 |a Wages 
999 |a 1000011802   |b Book   |c OPEN SHELF (30 DAYS)   |e Gong Badak Campus